HOSPITAL MANAGEMENT VOLUME -3 (Record no. 21921)

MARC details
000 -LEADER
fixed length control field 00350nam a22001577a 4500
003 - CONTROL NUMBER IDENTIFIER
control field SGT
020 ## - INTERNATIONAL STANDARD BOOK NUMBER
International Standard Book Number 9789386827838
082 ## - DEWEY DECIMAL CLASSIFICATION NUMBER
Classification number 610.6
Item number H18S
100 ## - MAIN ENTRY--PERSONAL NAME
Personal name SAXENA, MANISHA
245 ## - TITLE STATEMENT
Title HOSPITAL MANAGEMENT VOLUME -3
250 ## - EDITION STATEMENT
Edition statement 1ST
260 ## - PUBLICATION, DISTRIBUTION, ETC. (IMPRINT)
Place of publication, distribution, etc INDIA
Name of publisher, distributor, etc CBS PUB
Year of Publication 2018
300 ## - PAGE DESCRIPTION
No. of Pages 510
650 ## - SUBJECT ADDED ENTRY--TOPICAL TERM
Topical term or geographic name as entry element HOSPITAL MANAGEMENT
942 ## - ADDED ENTRY ELEMENTS (KOHA)
Source of classification or shelving scheme Dewey Decimal Classification
Koha item type Books
942 ## - ADDED ENTRY ELEMENTS (KOHA)
-- 4
Holdings
Withdrawn status Lost status Source of classification or shelving scheme Damaged status Not for loan Collection code Home library Current library Shelving location Date acquired Vendor Name Cost, normal purchase price Volume Information (Serial or Books or Non-Book Material) SGTU Bill Number Total Checkouts Full call number Accession No. (Barcode) Date last seen Bill Date Koha item type Date last borrowed
    Dewey Decimal Classification     NURSING SGT Medical Library SGT Medical Library Text Book 04/10/2021 ABC DELHI 595.00 VOLUME-3 SGTU 13308   610.6 H18S FN4392 04/10/2021   Books  
    Dewey Decimal Classification     NURSING SGT Medical Library SGT Medical Library Text Book 04/10/2021 ABC DELHI 595.00 VOLUME-3 SGTU 13308 4 610.6 H18S FN4393 15/01/2025   Books 08/01/2025
    Dewey Decimal Classification     NURSING SGT Medical Library SGT Medical Library Text Book 04/10/2021 ABC DELHI 595.00 VOLUME-3 SGTU 13308   610.6 H18S FN4394 04/10/2021   Books  
    Dewey Decimal Classification     NURSING SGT Medical Library SGT Medical Library Text Book 04/10/2021 ABC DELHI 595.00 VOLUME-3 SGTU 13308   610.6 H18S FN4395 04/10/2021   Books  
    Dewey Decimal Classification     NURSING SGT Medical Library SGT Medical Library Text Book 04/10/2021 ABC DELHI 595.00 VOLUME-3 SGTU 13308   610.6 H18S FN4396 04/10/2021   Books